000 00412nam a2200181Ia 4500
005 20250423094527.0
008 250422s9999 xx 000 0 und d
020 _a0-07-044529-X
050 _aTL 146 .J35/
100 _aJain, K. K.
245 0 _aAutomobile engineering
260 _aNew Delhi
260 _bTata McGraw-Hill
260 _c2002
300 _a509 p
650 _aEngineering
942 _cBK
999 _c27503
_d27503